[Event "Titled Tuesday intern op 23rd Jul Early"]
[Site "Chess.com INT"]
[Date "2024.07.23"]
[Round "11"]
[White "Papasimakopoulos, Alexandros"]
[Black "Yeremyan, Alen"]
[Result "1/2-1/2"]
[WhiteElo "2375"]
[BlackElo "2279"]
[PlyCount "174"]
[EventDate "2024.07.23"]
[EventType "swiss (blitz)"]
[EventRounds "11"]
[EventCountry "USA"]
[SourceTitle "EXT 2025"]
[Source "ChessBase"]
[SourceDate "2024.10.14"]
[SourceVersion "1"]
[SourceVersionDate "2024.10.14"]
[SourceQuality "1"]

1. d4 Nf6 2. c4 g6 3. Nc3 d5 4. Bg5 Ne4 5. Bf4 c6 6. e3 Nxc3 7. bxc3 Bg7 8. Nf3 0-0 9. Be2 dxc4 10. Bxc4 b5 11. Bb3 c5 12. 0-0 cxd4 13. cxd4 Bb7 14. Ne5 Nd7 15. Nxf7 Rxf7 16. Bxf7+ Kxf7 17. Qb3+ Kf8 18. Qxb5 Nb6 19. Rfc1 Qd5 20. Qxd5 Bxd5 21. Rc7 Ke8 22. Bg5 Bf8 23. a4 h6 24. a5 Nc4 25. Bf4 Kd8 26. Bg3 e5 27. Rh7 exd4 28. Rd1 Bc5 29. Rxh6 Kd7 30. exd4 Be7 31. Rxg6 Nxa5 32. Ra1 Nc6 33. Be5 a5 34. h4 a4 35. h5 Nxe5 36. dxe5 a3 37. h6 a2 38. h7 Rh8 39. Rh6 Be6 40. f4 Bc5+ 41. Kh2 Bd5 42. Ra6 Rxh7+ 43. Kg3 Rg7+ 44. Kh4 Rxg2 45. Ra5 Kc6 46. f5 Bd4 47. Rc1+ Kb6 48. Rxd5 a1Q 49. Rxa1 Bxa1 50. f6 Kc6 51. Rd6+ Kc7 52. f7 Bxe5 53. f8Q Rh2+ 54. Kg4 Bxd6 55. Qf7+ Kc6 56. Qc4+ Kd7 57. Kf5 Rh5+ 58. Kg6 Re5 59. Qa4+ Ke7 60. Qc4 Rc5 61. Qf7+ Kd8 62. Kf6 Rc6 63. Qg8+ Kc7 64. Qh7+ Kb6 65. Ke6 Bc5+ 66. Kd5 Rd6+ 67. Ke5 Rc6 68. Qb1+ Kc7 69. Qb5 Bd6+ 70. Ke6 Rb6 71. Qc4+ Rc6 72. Qb5 Rb6 73. Qa4 Bb4+ 74. Kd5 Bd6 75. Qa7+ Rb7 76. Qa5+ Rb6 77. Qc3+ Kb7 78. Qg7+ Bc7 79. Qg2 Rd6+ 80. Kc5+ Kb8 81. Qg8+ Kb7 82. Qg2+ Kb8 83. Qe4 Rb6 84. Qe8+ Kb7 85. Qe4+ Kb8 86. Qe8+ Kb7 87. Qe4+ Kb8 1/2-1/2